Statistics for Songs of 1981

Click here to take the quiz!

General Stats

  • This quiz has been taken 1,026 times
  • The average score is 12 of 22

Answer Stats

Hint Answer % Correct
In the Air TonightPhil Collins
86%
Don't Stop Believin'Journey
85%
Tainted LoveSoft Cell
84%
Back in BlackAC/DC
78%
Down UnderMen at Work
76%
Start Me UpThe Rolling Stones
73%
Jessie's GirlRick Springfield
73%
Bette Davis EyesKim Carnes
69%
Super FreakRick James
66%
Don't You Want MeThe Human League
62%
Kids in AmericaKim Wilde
56%
Young TurksRod Stewart
51%
WomanJohn Lennon
50%
UrgentForeigner
44%
Just Can't Get EnoughDepeche Mode
39%
Get Down on ItKool & the Gang
34%
Golden BrownThe Stranglers
32%
Der KommissarFalco
30%
Radio Free EuropeR.E.M.
30%
The StrokeBilly Squier
27%
Let's GrooveEarth, Wind & Fire
26%
Japanese BoyAneka
13%

Score Distribution

Percentile by Number Answered

Percent of People with Each Score

Your Score History

You have not taken this quiz